Countries With The Most Islands - Statistics

General Stats
  • This quiz has been taken 30 times
  • The average score is 16 of 20
Answer Stats
# of islands Answer % Correct
178,947 Finland
100%
17,508 Indonesia
100%
320,249 Norway
100%
267,570 Sweden
100%
7,226 China
97%
6,346 United Kingdom
97%
18,617 United States
97%
52,455 Canada
93%
120,729 Japan
90%
7,641 Philippines
90%
6,000 Greece
86%
8,222 Australia
79%
43,471 Chile
79%
3,358 South Korea
79%
3,000 Vietnam
76%
2,000 Iceland
66%
4,195 Cuba
41%
3,579 North Korea
38%
2,355 Estonia
28%
4,000 Laos
17%
No matching quizzes found
Score Distribution
Percent of People with Each Score
Percentile by Number Answered
Your Score History
You have not taken this quiz